Mythical creatures - Statistics

General Stats
  • This quiz has been taken 28 times
  • The average score is 14 of 18
Answer Stats
Hint Answer % Correct
Half woman half fish Mermaid
96%
Head of a bull body of a man Minotaur
96%
Winged horse Pegasus
96%
Bird that rises from the ashes Phoenix
96%
Horse with a horn Unicorn
96%
Three headed dog that guards Hades Cerberus
89%
One eyed giant Cyclops
89%
Giant fire breathing beast Dragon
89%
Many headed water serpent Hydra
86%
Half man half horse Centaur
82%
Immortal being with pointy ears Elf
82%
What medusa was Gorgon
79%
Has the body of lion face of a woman and the wings of a bird Sphinx
79%
Body of a lion with the head and wings of an eagle Griffin
68%
Bird winged woman Harpy
68%
Fire-breathing Greek hybrid. A lion with a goat's head on its back Chimera
57%
Persian creature with the body of a lion, tail of a scorpion, and head of a man Manticore
46%
A massive Arabian bird Roc
46%
No matching quizzes found
Score Distribution
Percent of People with Each Score
Percentile by Number Answered
Your Score History
You have not taken this quiz